000 00901nam a2200229 i 4500
001 184798
003 ES-MaACL
005 20231011170409.0
008 160111s2004 sp |||| | spa d
080 _a026/027
245 0 0 _aJornada sobre Bibliotecas Especializadas Madrileñas
_b: historia, funciones y expectativas : 16 de diciembre de 2004 /
_corganiza, Ateneo Científico, Literario y Artístico de Madrid, Biblioteca.
260 _aMadrid :
_bAteneo de Madrid,
_c[2004]
300 _a1 v. (91 p.) ;
_c30 cm.
504 _aReferencias bibliográficas.
536 _aPatrocina, Ayuntamiento de Madrid
610 2 4 _aAteneo de Madrid.
_bBiblioteca
_91951
610 2 4 _aAteneo de Madrid-
_vConferencias-
_y2000-
_9168597
650 4 _aBibliotecas especializadas.
_9158466
710 2 _aAteneo de Madrid.
_91875
852 _aES-MaACL
_j2151-F-18
_z- Enc. canutillo
999 _c184798
_d184798